00393 2200145 4500245008200000020001800082250001100100100001900111650003600130005001900166260003100185041001400216084000800230336000900238 aEnsiklopedia Ilmiah Anak Muslim ; Sejarah Islam jilid 2cTethy EzokanzohText a9786027943001 aCet. 1 aTethy Ezokanzo aEnsiklopedia Ilmiah Anak Muslim a20240829085602 aJakartabKaisar Ilmuc2013 aIndonesia a297 atext